000 01094nac a22002531u 4500
010 _a 2003386655
020 _a0470844469
035 _a(OCoLC)ocm51032470
082 0 4 _a621.382
_bW4291
090 _c161
_d161
100 _aWeiss, Scott.
245 1 0 _aHandheld usability /
_cScott Weiss.
260 _aChichester :
_bJohn Wiley,
_cc2002.
300 _axx, 271 p. :
_bill. ;
_c25 cm.
650 0 _aMobile computing.
650 0 _aApplication software
_xDevelopment.
650 0 _aPocket computers
650 0 _aWireless communication systems
_xDesign and construction.
856 4 2 _3Contributor biographical information
_uhttp://www.loc.gov/catdir/bios/wiley044/2003386655.html
856 4 2 _3Publisher description
_uhttp://www.loc.gov/catdir/description/wiley037/2003386655.html
856 4 2 _3Table of contents
_uhttp://www.loc.gov/catdir/toc/wiley031/2003386655.html
942 _cBB
_k621.382W4291
999 _c161
_d161